| 000 | 00000nam##2200000za#4500 |
| 001 | 9.624708 |
| 003 | CaOODSP |
| 005 | 20240212134142 |
| 007 | ta |
| 008 | 150406|1998||||xxc||||| f|0| 0 fre|d |
| 020 | |a0-662-82821-6 |
| 022 | |a1713-0646 |
| 040 | |aCaOODSP|bfre |
| 043 | |an-cn--- |
| 086 | 1 |aNE22-1/1998-2F |
| 110 | 1 |aCanada. |bOffice national de l'énergie. |
| 245 | 10|aRelativement à Gazoduc Trans Québec et Maritimes Inc.: Prolongement vers PNGTS : |bdemande datée du 30 avril 1997 |
| 260 | |aCalgary - Alberta : |bOffice national de l'énergie |cAvril 1998. |
| 300 | |a54p. : |bfigures ; |c28 cm. |
| 490 | 1 |aMotifs de décision|x1713-0646 |
| 563 | |aCouverture souple |
| 590 | |a98-24|b1998-06-12 |
| 775 | 08|tIn the matter of Trans Québec and Maritimes Pipeline Inc.: PNGTS Extension : |w(CaOODSP)9.614350 |
| 776 | 0#|tMotifs de décision relativement à Gazoduc Trans Québec & Maritimes Inc. prolongement vers PNGTS : |w(CaOODSP)9.602887 |
| 830 | #0|aMotifs de décision (Canada. Office national de l'énergie)|x1713-0646|w(CaOODSP)9.513162 |
| 986 | |aGH-1-97 |